000 00632nam a2200241 a 4500
001 0001-1039
003 ELIB.Books
008 141118 2010 eng
020 _a1856495786
035 _a(ELIB.Books)0001-1193
092 _a301.15
_bSit
100 _aSittirak, Sinith
245 _aThe Daughters of Development:
_bWomen in a Changing Environment
260 _aLondon
_bZed Books
_c1998
300 _a153
_c21.5 Cm
500 _aLibrary
650 _aSocial Development
856 _nKBTS; Library
_uKBTS; Elib.
942 _2ddc
_cBK
990 _a1
998 _cbat
_e2014-11-18
999 _c11039
_d11039